| 000 | 00688nam a2200181Ia 4500 | ||
|---|---|---|---|
| 003 | GCL | ||
| 008 | 140319s9999 xx 000 0 ara d | ||
| 040 |
_aGCL / _cGCL |
||
| 082 | 0 | 4 |
_a956.9 _bم ن |
| 245 | 1 | 0 | _aملف نبذة مختصرة عن عملية السور الواقى |
| 260 |
_aالقاهرة : _bمركز الاهرام للتنظيم وتكنولوجيا المعلومات ، _c2003 |
||
| 300 |
_a50 ص ؛ _c40 سم |
||
| 650 | 0 | 4 | _aفلسطين - الوضع الدولى |
| 650 | 0 | 4 | _aعملية السور الواقى (مضاف) |
| 650 | 0 | 4 | _aاسرائيل - مقالات ومحاضرات |
| 650 | 0 | 4 | _aفلسطين - مقالات ومحاضرات |
| 942 |
_2ddc _cBK |
||
| 999 |
_c5716 _d5716 |
||